[Event "Mittelfranken-chTB2b 1213"]
[Site "Germany"]
[Date "2012.12.16"]
[Round "5.3"]
[White "Strobl, Thomas"]
[Black "Seitner, Ralf"]
[Result "0-1"]
[WhiteElo "1683"]
[BlackElo "1877"]
[PlyCount "106"]
[EventDate "2012.10.07"]
[EventType "team-tourn"]
[EventRounds "9"]
[EventCountry "GER"]
[SourceTitle "EXT 2019"]
[Source "ChessBase"]
[SourceDate "2018.10.10"]
[SourceVersion "1"]
[SourceVersionDate "2018.10.10"]
[SourceQuality "1"]
[WhiteTeam "Gunzenhausen/Weissenburg II"]
[BlackTeam "Neumarkt"]
[WhiteTeamCountry "GER"]
[BlackTeamCountry "GER"]

1. e4 Nf6 2. e5 Nd5 3. d4 d6 4. c4 Nb6 5. exd6 cxd6 6. Nc3 g6 7. Nf3 Bg7 8. Be3 0-0 9. Be2 Nc6 10. 0-0 Bg4 11. h3 Bxf3 12. Bxf3 Nxc4 13. Qb3 Nb6 14. Nb5 d5 15. Rfd1 e6 16. Bf4 Nc4 17. Rac1 a6 18. Nc7 Nxd4 19. Qxb7 Rb8 20. Qa7 Nxf3+ 21. gxf3 Nxb2 22. Rd2 Qh4 23. Bg3 Qb4 24. Rdc2 Qb7 25. Qe3 Nc4 26. Qe2 Rbc8 27. Nxe6 fxe6 28. Qxe6+ Kh8 29. Rd1 Nb2 30. Rxc8 Qxc8 31. Qxc8 Rxc8 32. Rxd5 Nc4 33. Rd7 Be5 34. Ra7 Rc6 35. f4 Bf6 36. Kg2 Nd2 37. h4 Nb1 38. h5 gxh5 39. Kh3 Nc3 40. Bh4 Nxa2 41. Bxf6+ Rxf6 42. Kh4 Nb4 43. Kg5 Nd5 44. f5 Kg8 45. Rd7 h6+ 46. Kxh5 Rxf5+ 47. Kxh6 Nf4 48. Rd8+ Kf7 49. Rd7+ Kf8 50. Rd8+ Ke7 51. Ra8 a5 52. Kg7 Kd6 53. Ra6+ Kc7 0-1